000 00989nam a22002417a 4500
005 20240530110534.0
008 160328s2013 ua a g 000 0 ara d
017 _a2012/17669
_bمصر . دار الكتب المصرية
020 _a9789774951206
040 _aEG-CaGPL
082 0 4 _221
_a302.2304\
_bم ص
100 0 _aميرال مصطفى عبدالفتاح .
245 1 0 _aصورة العرب فى الفضائيات الاخبارية الاجنبية /
_cميرال مصطفى عبدالفتاح ؛ تقديم فاروق ابوزيد .
250 _aط1.
260 _aالقاهرة :
_bدار العالم العربى ،
_c2013 .
300 _a133 ص ؛
_c24 سم .
490 0 _aاتجاهات حديثة فى الاعلام
650 0 4 _aالاعلام الدولى .
650 0 4 _aالاعلام الدولى
_zالعالم العربى .
700 0 _aفاروق ابوزيد
_eمقدم .
942 _2ddc
_cBK
999 _c62155
_d62155